FLUENCY IN ENGLISH- 2 (Record no. 18351)

MARC details
000 -LEADER
fixed length control field 00331nam a22001577a 4500
003 - CONTROL NUMBER IDENTIFIER
control field SGT
020 ## - INTERNATIONAL STANDARD BOOK NUMBER
International Standard Book Number 9780195686524
082 ## - DEWEY DECIMAL CLASSIFICATION NUMBER
Classification number 852,VAR
100 ## - MAIN ENTRY--PERSONAL NAME
Personal name VARMA,PROMODINI
245 ## - TITLE STATEMENT
Title FLUENCY IN ENGLISH- 2
250 ## - EDITION STATEMENT
Edition statement 13TH
260 ## - PUBLICATION, DISTRIBUTION, ETC. (IMPRINT)
Place of publication, distribution, etc NEW DELHI
Name of publisher, distributor, etc OXFORD
Year of Publication 2017
300 ## - PAGE DESCRIPTION
No. of Pages 105
650 ## - SUBJECT ADDED ENTRY--TOPICAL TERM
Topical term or geographic name as entry element ENGLISH
942 ## - ADDED ENTRY ELEMENTS (KOHA)
Source of classification or shelving scheme Dewey Decimal Classification
Koha item type Books
942 ## - ADDED ENTRY ELEMENTS (KOHA)
-- 2
Holdings
Withdrawn status Lost status Source of classification or shelving scheme Damaged status Not for loan Collection code Home library Current library Shelving location Date acquired Vendor Name Cost, normal purchase price SGTU Bill Number Total Checkouts Full call number Accession No. (Barcode) Date last seen Date last borrowed Bill Date Koha item type Use restrictions
    Dewey Decimal Classification     ENGINEERING SGT Engineering Library SGT Engineering Library Text Book 20/06/2019 KIRTI PRAKASHAN 68.00 SGTU IN3557 3 852,VAR FE7410 04/11/2024 14/10/2024 09/04/2019 Books  
    Dewey Decimal Classification   Not For Loan ENGINEERING SGT Engineering Library SGT Engineering Library Reference Book 20/06/2019 KIRTI PRAKASHAN 68.00 SGTU IN3557   852,VAR FE7411 20/06/2019   09/04/2019 Books Restricted Access
weeded-out   Dewey Decimal Classification     ENGINEERING SGT Engineering Library SGT Engineering Library Text Book 20/06/2019 KIRTI PRAKASHAN 68.00 SGTU IN3557 1 852,VAR FE7412 28/10/2024 14/10/2024 09/04/2019 Books